| 000 | 00590nam a2200157Ia 4500 | ||
|---|---|---|---|
| 008 | 220216s9999 xx 000 0 und d | ||
| 100 | _aJayasree P.K. | ||
| 245 | 0 | _aHigh frequency plant regeneration in Hevea brasiliensis via somatic embryogenesis | |
| 260 |
_bNational Seminar on Recent Advances in Plant Biology, 3-5 February 2000, Central Plantation Crops Research Institute, Kasaragod, India, pp. 57-58. _c2000 |
||
| 650 | _aEmbryo induction | ||
| 650 | _aPlant regeneration | ||
| 650 | _aSomatic embryogenesis | ||
| 700 | _aKala R.G. | ||
| 700 | _aThulaseedharan A. | ||
| 942 | _cBS | ||
| 999 |
_c52520 _d52520 |
||